La situación de la mujer en Zimbabue antes de la independencia

Saved in:
Bibliografiske detaljer
Hovedforfatter: Weinrich, A. K. H (Author)
Format: Bog
Sprog:spansk
Udgivet: Barcelona Serbal 1984
Serier:Colección de Temas Africanos, 17
Fag:
Tags: Tilføj Tag
Ingen Tags, Vær først til at tagge denne postø!

MARC

LEADER 00000nam a2200000 a 4500
001 UCX3413
003 CL-VaPUC
008 911105e19840000SP |||||||||||||||||spa|d
082 0 4 |a 305.42  |b WEI  |2 21 
100 0 |a Weinrich, A. K. H  |e author  |9 319593 
245 1 3 |a La situación de la mujer en Zimbabue antes de la independencia 
300 |a 198 p 
942 |c BK 
945 |d 19911105 00:00:00 
260 |a Barcelona  |b Serbal  |c 1984 
650 0 |a Mujeres condiciones sociales  |9 307717 
650 7 |a MUJERES SITUACION LEGAL  |2 CL-VaPUC  |9 311233 
650 7 |a MUJERES HISTORIA  |2 CL-VaPUC  |9 319594 
651 7 |a RHODESIA  |2 CL-VaPUC  |9 319595 
651 7 |a ZIMBAWE  |2 CL-VaPUC  |9 319596 
583 |a last modification  |c 19911105 00:00:00  |k Rodrigo Vera 
490 0 |a Colección de Temas Africanos, 17 
999 |c 224182  |d 224180 
952 |0 0  |1 0  |4 0  |6 305_420000000000000_WEI_1984  |7 0  |8 A  |9 220649  |a BIBGIM  |b BIBGIM  |d 2019-11-15  |i 2893770  |o 305.42 WEI 1984  |p 2893770  |r 2025-01-15  |w 2019-11-15  |y BK  |k SSL 
952 |0 0  |1 0  |4 0  |6 305_420000000000000_WEI_1984  |7 0  |8 A  |9 220650  |a BIBHIS  |b BIBHIS  |d 2019-11-15  |i 1383914  |o 305.42 WEI 1984  |p 1383914  |r 2025-01-20  |w 2019-11-15  |y BK  |k HIS